00797nam a22002057a 4500999001900000005001700019010001300036020002600049035001300075037000900088082001100097100001500108245004200123260003800165270011500203300002300318500006700341942002500408952015800433 c181842d18184220211007110149.0 aB-741709 a9789353793111c450.00 aB-741709 aGift a881.08 aDharamdeep aM.E.G.-1,British Poetry /cDharamdeep a DelhibNeeraj Publicationsc202? a1507,Ist Floor,Nai Sarakb Delhie110006k011-23260329,45704411, 23244362, 23285501minfo@neerajignoubooks.com a356p. c24cm(pbk)  aI.G.N.O.U. Based Queation Bank Cum Chapterwise Reference Book 2ddccENmDHAh881.08 001040708FICaAVbAVd2021-10-07eGift/4.10.2021g450.00l2m2o881.08 DHApB-741709r2023-06-12 00:00:00s2023-05-22t1v450.00w2021-10-07yENzGift